Players Championships 2019 (Darts) - Statistiken

Allgemein
  • Dieses Quiz wurde 21 mal gespielt
  • Das Durchschnittsergebnis liegt bei 22 aus 30
Antwortstatistiken
Turnier Sieger Nationalität % Korrekt
5 Gerwyn Price Wales
100%
6 Gerwyn Price Wales
100%
27 Gerwyn Price Wales
100%
1 Michael van Gerwen Niederlande
100%
3 Michael van Gerwen Niederlande
100%
23 Jose de Sousa Portugal
94%
28 Jose de Sousa Portugal
94%
17 Krzysztof Ratajski Polen
94%
21 Krzysztof Ratajski Polen
94%
26 Mensur Suljovic Österreich
94%
19 Peter Wright Schottland
94%
20 Peter Wright Schottland
94%
30 Peter Wright Schottland
94%
25 Daryl Gurney Nordirland
82%
22 Brendan Dolan Nordirland
76%
29 Brendan Dolan Nordirland
76%
10 Jonny Clayton Wales
76%
13 William O'Connor Irland
71%
2 Dave Chisnall England
65%
7 Dave Chisnall England
65%
9 James Wade England
65%
11 James Wade England
65%
12 James Wade England
65%
18 James Wade England
65%
24 James Wade England
65%
8 Adrian Lewis England
59%
14 Jeffrey de Zwaan Niederlande
47%
16 Harry Ward England
24%
4 Glen Durrant England
12%
15 Glen Durrant England
12%
Keine übereinstimmenden Quizze gefunden
Verteilung der Resultate
Anzahl Personen mit jedem Resultat
Perzentil nach korrekt beantworteten Fragen
Ihre Resultats-Entwicklung
Sie haben dieses Quiz noch nicht gespielt